Dallas Cowboys all-time stat leaders - Statistics

General Stats
  • This quiz has been taken 143 times
  • The average score is 8 of 10
Answer Stats
Stat # Player % Correct
Rushing yards 17,162 Emmitt Smith
99%
Rushing TDs 153 Emmitt Smith
99%
Passing yards 34,183 Tony Romo
98%
Passing TDs 248 Tony Romo
98%
Receiving TDs 73 Dez Bryant
86%
Sacks 117 DeMarcus Ware
72%
Receptions 1,215 Jason Witten
71%
Receiving Yards 12,977 Jason Witten
71%
Interceptions 52 Mel Renfro
33%
Tackles 1,350 Darren Woodson
29%
No matching quizzes found
Score Distribution
Percent of People with Each Score
Percentile by Number Answered
Your Score History
You have not taken this quiz